Striedavá elektrická konduktivita skiel na báze oxidov ťažkých kovov

Salvato in:
Dettagli Bibliografici
Autore principale: Jurina, Filip (Autore)
Altri autori: Kubliha, Marian (Relatore della tesi)
Natura: Manoscritto Libro
Lingua:slovacco
Pubblicazione: 2018
Soggetti:
Accesso online:http://is.stuba.sk/zp/portal_zp.pl?podrobnosti=123612
Tags: Aggiungi Tag
Nessun Tag, puoi essere il primo ad aggiungerne!!

MARC

LEADER 00000ntm a22000003a 4500
001 stuzp68571
003 SK-STU
005 20180820160446.2
007 ta
008 150427s2015----xo-----f-mn---000-0-slo-d
040 |a STU  |b slo 
041 0 |a slo 
100 1 |a Jurina, Filip  |u 061000  |4 aut  |U MTF Materiálovotechnologická fakulta  |T MTF Ústav materiálov  |X 80258  |U M1000  |Y 81  |7 80258 
242 0 1 |a AC conductivity of heavy metal oxide glasses  |y eng 
245 1 0 |a Striedavá elektrická konduktivita skiel na báze oxidov ťažkých kovov 
260 |c 2018 
650 4 |a sklá na báze oxidov ťažkých kovov  |2 slo 
650 4 |a striedavá elektrická konduktivita  |2 slo 
650 4 |a zmesný alkalický efekt  |2 slo 
650 4 |a heavy metal oxides glasses  |2 eng 
650 4 |a alternating electrical conductivity  |2 eng 
650 4 |a mixed alkaline effect  |2 eng 
700 1 |a Kubliha, Marian  |u 061000  |k Z1  |4 ths  |U MTF Materiálovotechnologická fakulta  |T MTF Ústav materiálov  |X 4308  |U M1000  |Y 81  |7 4308 
856 4 |u http://is.stuba.sk/zp/portal_zp.pl?podrobnosti=123612 
996 |c M* BP-8271  |l MMSKP  |s P  |a 0  |w stuzp68571_0001